La revolución sexual : para una estructura de carácter autónoma del hombre /

Guardado en:
Bibliografiske detaljer
Hovedforfatter: Wilhelm, Richard (autor)
Andre forfattere: Moratiel, Sergio (traducción) (traducción)
Format: Bog
Sprog:spansk
Udgivet: México : Barcelona, España : Origen ; Planeta, 1985, c1985
Tags: Tilføj Tag
Ingen Tags, Vær først til at tagge denne postø!

MARC

LEADER 00000nam^a2200000^a^4500
001 000572188
005 20250521000000.0
009 20260310132303.521
020 |a 968-22-0108-1 
020 |a 968-22-0100-4 
037 |a Acervo Xavier Clavigero 
041 |a ESP 
091 |a FPA. 03655 
100 |a Wilhelm, Richard  |e (autor) 
245 1 3 |a La revolución sexual :  |b para una estructura de carácter autónoma del hombre / 
264 4 |a México :  |b Origen ;  |a Barcelona, España :  |b Planeta,  |c 1985, c1985 
300 |a XI, 274 p. 
336 |a texto  |b txt  |2 rdacontenido 
337 |a sin mediación  |b n  |2 rdamedio 
338 |a volumen  |b nc  |2 rdasoporte 
649 |a XX 
700 |a Moratiel, Sergio  |e (traducción) 
910 |a Fondo José Ignacio Palencia Gómez S.J. 
920 |a Impresos - Libros 
930 |a Fondos Especiales 
905 |a 137 
901 |a 0500356201  |b IT2  |c ESL  |i D  |u 20250521 
902 |a https://opac.biblio.iteso.mx/vufind/Record/000572188